<?xml version="1.0" encoding="UTF-8"?>
<record
    xmlns:xsi="http://www.w3.org/2001/XMLSchema-instance"
    xsi:schemaLocation="http://www.loc.gov/MARC21/slim http://www.loc.gov/standards/marcxml/schema/MARC21slim.xsd"
    xmlns="http://www.loc.gov/MARC21/slim">

  <leader>02932cam a22002535a 4500</leader>
  <controlfield tag="001">15838229</controlfield>
  <controlfield tag="005">20160119115803.0</controlfield>
  <controlfield tag="008">090727s2010    nyua   frb    000 0 eng d</controlfield>
  <datafield tag="020" ind1=" " ind2=" ">
    <subfield code="a">9780415965088 (pbk. : alk. paper)</subfield>
  </datafield>
  <datafield tag="040" ind1=" " ind2=" ">
    <subfield code="a">DLC</subfield>
    <subfield code="b">eng</subfield>
    <subfield code="c">DLC</subfield>
    <subfield code="d">YDX</subfield>
    <subfield code="d">BTCTA</subfield>
    <subfield code="d">UKM</subfield>
    <subfield code="d">YDXCP</subfield>
    <subfield code="d">CDX</subfield>
    <subfield code="d">OXF</subfield>
    <subfield code="d">DEBBG</subfield>
    <subfield code="d">DLC</subfield>
    <subfield code="d">EG-ScBUE</subfield>
  </datafield>
  <datafield tag="082" ind1="0" ind2="4">
    <subfield code="a">300.72</subfield>
    <subfield code="b">REV</subfield>
    <subfield code="2">22</subfield>
  </datafield>
  <datafield tag="245" ind1="0" ind2="4">
    <subfield code="a">The reviewer's guide to quantitative methods in the social sciences /</subfield>
    <subfield code="c">edited by Gregory R. Hancock, Ralph O. Mueller.</subfield>
  </datafield>
  <datafield tag="260" ind1=" " ind2=" ">
    <subfield code="a">New York ;</subfield>
    <subfield code="a">Oxon :</subfield>
    <subfield code="b">Routledge / Taylor &amp; Francis Group,</subfield>
    <subfield code="c">2010.</subfield>
  </datafield>
  <datafield tag="300" ind1=" " ind2=" ">
    <subfield code="a">xv, 432 p. :</subfield>
    <subfield code="b">ill. ;</subfield>
    <subfield code="c">26 cm.</subfield>
  </datafield>
  <datafield tag="504" ind1=" " ind2=" ">
    <subfield code="a">Includes bibliographical references.</subfield>
  </datafield>
  <datafield tag="505" ind1="0" ind2="0">
    <subfield code="t">Analysis of variance : between-groups designs /</subfield>
    <subfield code="r">Alan J. Klockars --</subfield>
    <subfield code="t">Analysis of variance : repeated measures designs /</subfield>
    <subfield code="r">Lisa M. Lix and H. J. Keselman --</subfield>
    <subfield code="t">Canonical correlation analysis /</subfield>
    <subfield code="r">Xitao Fan and Timothy R. Konold --</subfield>
    <subfield code="t">Cluster analysis /</subfield>
    <subfield code="r">Dena A. Pastor --</subfield>
    <subfield code="t">Correlation and other measures of association /</subfield>
    <subfield code="r">Jason W. Osborne --</subfield>
    <subfield code="t">Discriminant analysis /</subfield>
    <subfield code="r">Carl J. Huberty --</subfield>
    <subfield code="t">Effect sizes and confidence intervals /</subfield>
    <subfield code="r">Geoff Cumming and Fiona Fidler --</subfield>
    <subfield code="t">Factor analysis : Exploratory and confirmatory /</subfield>
    <subfield code="r">Deborah L. Bandalos and Sara J. Finney --</subfield>
    <subfield code="t">Generalizability theory /</subfield>
    <subfield code="r">Amy Hendrickson and Ping Yin --</subfield>
    <subfield code="t">Hierarchical linear modeling /</subfield>
    <subfield code="r">D. Betsy McCoach --</subfield>
    <subfield code="t">Interrater reliability and agreement /</subfield>
    <subfield code="r">William T. Hoyt --</subfield>
    <subfield code="t">Item response theory /</subfield>
    <subfield code="r">R.J. De Ayala --</subfield>
    <subfield code="t">Latent class analysis /</subfield>
    <subfield code="r">Karen M. Samuelsen and C. Mitchell Dayton --</subfield>
    <subfield code="t">Latent growth curve models /</subfield>
    <subfield code="r">Kristopher J. Preacher --</subfield>
    <subfield code="t">Latent translation analysis /</subfield>
    <subfield code="r">David Rindskopf --</subfield>
    <subfield code="t">Latent variable mixture models /</subfield>
    <subfield code="r">Gitta Lubke --</subfield>
    <subfield code="t">Logistic regression /</subfield>
    <subfield code="r">Ann A. O'Connell and K. Rivet Amico --</subfield>
    <subfield code="t">Log-linear analysis /</subfield>
    <subfield code="r">Ronald C. Serlin and Michael A. Seaman --</subfield>
    <subfield code="t">Meta-analysis /</subfield>
    <subfield code="r">S. Natasha Beretvas --</subfield>
    <subfield code="t">Multidimensional scaling /</subfield>
    <subfield code="r">Mark L. Davison, Cody S. Ding, and Se-Kang Kim --</subfield>
    <subfield code="t">Multiple regression /</subfield>
    <subfield code="r">Ken Kelley and Scott E. Maxwell --</subfield>
    <subfield code="t">Multitrait-multimethod analysis /</subfield>
    <subfield code="r">Keith F. Widaman --</subfield>
    <subfield code="t">Multivariate analysis of variance /</subfield>
    <subfield code="r">Stephen Olejnik --</subfield>
    <subfield code="t">Power analysis /</subfield>
    <subfield code="r">Kevin R. Murphy --</subfield>
    <subfield code="t">Reliability and validity of instruments /</subfield>
    <subfield code="r">Thomas R. Knapp and Ralph O. Mueller --</subfield>
    <subfield code="t">Research design /</subfield>
    <subfield code="r">Sharon Anderson Dannels --</subfield>
    <subfield code="t">Single subject design and analysis /</subfield>
    <subfield code="r">Andrew L. Egel and Christine H. Barthold --</subfield>
    <subfield code="t">Structural equation modeling /</subfield>
    <subfield code="r">Ralph O. Mueller and Gregory R. Hancock --</subfield>
    <subfield code="t">Structural equation modeling : multisample covariance and mean structures /</subfield>
    <subfield code="r">Richard G. Lomax --</subfield>
    <subfield code="t">Survey sampling, administration, and analysis /</subfield>
    <subfield code="r">Laura M. Stapleton --</subfield>
    <subfield code="t">Survival analysis /</subfield>
    <subfield code="r">Paul D. Allison.</subfield>
  </datafield>
  <datafield tag="650" ind1=" " ind2="7">
    <subfield code="a">Social sciences</subfield>
    <subfield code="x">Research</subfield>
    <subfield code="x">Methodology.</subfield>
    <subfield code="2">BUEsh</subfield>
    <subfield code="9">20647</subfield>
  </datafield>
  <datafield tag="650" ind1=" " ind2="7">
    <subfield code="a">Social sciences</subfield>
    <subfield code="x">Statistical methods.</subfield>
    <subfield code="2">BUEsh</subfield>
    <subfield code="9">3257</subfield>
  </datafield>
  <datafield tag="651" ind1=" " ind2=" ">
    <subfield code="2">BUEsh</subfield>
  </datafield>
  <datafield tag="653" ind1=" " ind2=" ">
    <subfield code="b">BUSADM</subfield>
    <subfield code="c">July2015</subfield>
    <subfield code="c">January2016</subfield>
  </datafield>
  <datafield tag="700" ind1="1" ind2=" ">
    <subfield code="a">Hancock, Gregory R.,</subfield>
    <subfield code="e">editor.</subfield>
  </datafield>
  <datafield tag="700" ind1="1" ind2=" ">
    <subfield code="a">Mueller, Ralph O.,</subfield>
    <subfield code="e">editor.</subfield>
  </datafield>
  <datafield tag="942" ind1=" " ind2=" ">
    <subfield code="2">ddc</subfield>
    <subfield code="k">300.72 REV</subfield>
  </datafield>
  <datafield tag="999" ind1=" " ind2=" ">
    <subfield code="c">20273</subfield>
    <subfield code="d">20245</subfield>
  </datafield>
  <datafield tag="952" ind1=" " ind2=" ">
    <subfield code="0">0</subfield>
    <subfield code="1">0</subfield>
    <subfield code="2">ddc</subfield>
    <subfield code="4">0</subfield>
    <subfield code="7">0</subfield>
    <subfield code="8">Baccah</subfield>
    <subfield code="a">MAIN</subfield>
    <subfield code="b">MAIN</subfield>
    <subfield code="c">1ST</subfield>
    <subfield code="d">2015-07-07</subfield>
    <subfield code="e">Purchase</subfield>
    <subfield code="g">493.00</subfield>
    <subfield code="h">21782</subfield>
    <subfield code="l">3</subfield>
    <subfield code="m">29</subfield>
    <subfield code="o">300.72 REV</subfield>
    <subfield code="p">000039363</subfield>
    <subfield code="r">2025-07-15 00:00:00</subfield>
    <subfield code="s">2017-11-29</subfield>
    <subfield code="v">616.00</subfield>
    <subfield code="y">BB</subfield>
  </datafield>
</record>
